000 00710cam a22002172 4500
001 0000000777
005 20151021151048.0
008 070219s xx 000 0 eng d
040 _aKABU
_cKABU
050 0 _aBS1194
_b.J46 1978
100 1 _aJensen, Irving Lester.
_@0000159944
245 1 0 _aJensen's survey of the Old Testament /
_cby Irving Lester Jensen.
246 3 _aSurvey of the Old Testament
260 _aChicago :
_bMoody Press,
_c1978.
300 _a488 p.
630 0 0 _aBible.
_pO.T.
_vTextbooks
_xStudy.
_@0000159945
908 _a070219
950 _@1
999 _c248
_d248